Dimensionamiento, construcción y puesta en marcha de un módulo de columnas de intercambio iónico
Guardat en:
| Autor principal: | |
|---|---|
| Format: | Llibre |
| Publicat: |
San José, C.R
2005
|
| Matèries: | |
| Etiquetes: |
Afegir etiqueta
Sense etiquetes, Sigues el primer a etiquetar aquest registre!
|
MARC
| LEADER | 00000nam a2200000Ia 4500 | ||
|---|---|---|---|
| 003 | 009639 | ||
| 005 | 20221231144126.0 | ||
| 008 | 140114s2005 cr a m 000 ||s d | ||
| 040 | |c cru CEDI | ||
| 090 | |a TFG 5174 | ||
| 100 | |a Webb Araya, Yariela |9 5790 | ||
| 245 | |a Dimensionamiento, construcción y puesta en marcha de un módulo de columnas de intercambio iónico | ||
| 260 | |c 2005 |a San José, C.R | ||
| 300 | |a xiii, 104, [42] hojas : ilustraciones (principalmente a color) | ||
| 500 | |a Proyecto de graduación (licenciatura en ingeniería química)--Universidad de Costa Rica. Facultad de Ingeniería. Escuela de Ingeniería Química | ||
| 650 | |x RESINAS DE INTERCAMBIO IONICO |x INTERCAMBIO DE IONES |x AGUA |x PURIFICACION DEL AGUA |9 5791 | ||
| 942 | |c TFG | ||
| 999 | |c 17249 |d 17249 | ||
